000 00979pam a2200253 a 4500
999 _c128958
_d128958
001 4818875
003 ARRUPE
005 20190212113304.0
008 890615s1989 nyu b 000 0 eng
010 _a 89036222
020 _a0809131110 :
_c$5.95 (est.)
040 _aDLC
_cDLC
_dDLC
050 0 0 _aBS2595.2
_b.P67 1990
082 0 0 _a226.4/06
_220
100 1 _aPowell, Mark Allan,
_d1953-
_944543
245 1 0 _aWhat are they saying about Luke? /
_cMark Allan Powell.
260 _aNew York :
_bPaulist Press,
_cc1989.
300 _aviii, 151 p. ;
_c21 cm.
504 _aIncludes bibliographical references.
630 0 0 _aBible.
_pLuke
_xCriticism, interpretation, etc.
_944544
630 0 0 _aBible.
_pLuke
_xCriticism, interpretation, etc.
_xHistory
_y20th century.
_944545
906 _a7
_bcbc
_corignew
_d1
_eocip
_f19
_gy-gencatlg
942 _2lcc
_cMONOGRAPH